El tema indígena en debate : (Registro nro. 1216)

000 -CABECERA
campo de control de longitud fija 01033nam a2200205 4500
005 - FECHA Y HORA DE LA ÚLTIMA TRANSACCIÓN
campo de control 20210506213529.0
008 - DATOS DE LONGITUD FIJA--INFORMACIÓN GENERAL
campo de control de longitud fija 210506s2003 pe a|||fr|||| 001 0 spa d
040 ## - FUENTE DE LA CATALOGACIÓN
Centro catalogador/agencia de origen CENDOC CAAAP
Lengua de catalogación spa
Centro/agencia transcriptor CAAAP
041 ## - CÓDIGO DE LENGUA
Código de lengua del texto/banda sonora o título independiente spa
050 ## - SIGNATURA TOPOGRÁFICA DE LA BIBLIOTECA DEL CONGRESO
Número de clasificación KM 18.P
Número de documento/Ítem K23
245 #3 - MENCIÓN DE TÍTULO
Título El tema indígena en debate :
Subtitulo aportes para la reforma constitucional /
Mención de responsabilidad, etc. Despacho de la primera dama de la nación
250 ## - MENCIÓN DE EDICIÓN
Mención de edición 1ra ed.
260 ## - PUBLICACIÓN, DISTRIBUCIÓN, ETC.
Lugar de publicación, distribución, etc. Lima,
Fecha de publicación, distribución, etc. 2003
300 ## - DESCRIPCIÓN FÍSICA
Extensión 203 p.:
Otras características físicas ilustraciones ;
Dimensiones 18 cm.
505 ## - NOTA DE CONTENIDO CON FORMATO
Nota de contenido con formato Contiene : Introducción -- Palabras del presidente de la Comisión de Amazonía, Asuntos Indígenas y afroperuanos --Discurso de la Primera dama de la nación -- Formación histórica del Perú -- La mayoría invisible. Los indios y la cuestión nacional -- La cultura vinculada a los derechos de los pueblos indígenas los derechos de los pueblos indígenas en al reforma -- Indígenas ecuatorianos.
650 10 - PUNTO DE ACCESO ADICIONAL DE MATERIA--TÉRMINO DE MATERIA
9 (RLIN) 100
Término de materia o nombre geográfico como elemento de entrada Indígenas
650 #0 - PUNTO DE ACCESO ADICIONAL DE MATERIA--TÉRMINO DE MATERIA
9 (RLIN) 72
Término de materia o nombre geográfico como elemento de entrada Derechos de los pueblos originarios
653 ## - TÉRMINO DE INDIZACIÓN--NO CONTROLADO
Término no controlado Afroperuanos
942 ## - ELEMENTOS PERSONALIZADOS KOHA
Fuente del sistema de clasificación o colocación
Fecha de catalogación 06 - 05 - 21
Tipo de ítem Koha Libros
Existencias
Fuente del sistema de clasificación o colocación Localización permanente Ubicación/localización actual Fecha de adquisición Número de inventario Total de préstamos Signatura LC Fecha visto por última vez Tipo de ítem Koha
  CENTRO DE DOCUMENTACIÓN (CENDOC) CENTRO DE DOCUMENTACIÓN (CENDOC) 05/06/2021 008051   KM 18.P K23 05/06/2021 Libros
Centro de Documentación CAAAP | AV. Manuel González Prada 626, Magdalena del Mar | (51-1) 4615223 Anexo 205 y 209 | cendoc@caaap.org.pe